Altri libertini /

Salvato in:
Dettagli Bibliografici
Autore principale: Tondelli, Pier Vittorio (Autore)
Natura: Libro
Lingua:italiano
Pubblicazione: Milano : Feltrinelli, 2021
Edizione:30. ed
Serie:Universale economica ; 8381
Tags: Aggiungi Tag
Nessun Tag, puoi essere il primo ad aggiungerne!!

MARC

LEADER 00000nam a22000007i 4500
001 IT\ICCU\RL1\0052998
003 ItRI
005 20240711185937.0
008 201027s2020 it |||||| |||||1|||||c
020 |a 9788807883811 
040 |b ita  |c c 
041 7 |a ita  |2 ISO-639-2 
100 1 |a Tondelli, Pier Vittorio  |0 IT\ICCU\CFIV\016813  |4 aut 
240 1 0 |a Altri liberitini  |9 Tondelli, Pier Vittorio 
245 1 0 |a Altri libertini /  |c Pier Vittorio Tondelli. 
250 |a 30. ed 
260 |a Milano :  |b Feltrinelli,  |c 2021 
300 |a 195 p. ;  |c 20 cm 
830 0 |a Universale economica ;  |v 8381  |0 IT\ICCU\CFI\0001103 
942 |2 ddc  |c BK 
952 |0 0  |1 0  |2 ddc  |4 0  |6 853_914000000000000_TON_ALT  |7 0  |9 1624  |a RI  |b RI  |d 2024-07-11  |l 0  |o 853.914 TON ALT  |p 9349  |r 2024-07-11 19:02:08  |w 2024-07-11  |y BK 
952 |0 0  |1 0  |2 ddc  |4 0  |6 853_914000000000000_TON_ALT  |7 0  |9 2220  |a CT  |b CT  |d 2024-12-11  |l 0  |o 853.914 TON ALT  |p 9680  |r 2024-12-11 20:49:53  |w 2024-12-11  |y BK 
981 1 |6 z01  |a i   |b xxxe  
982 1 |6 z01  |a n 
999 |c 1441  |d 1441